Gaming Quiz

Random Gaming or Video Games Quiz

RPG Overworlds Quiz Stats

 Plays Quiz Updated Dec 5, 2012

Challenge
Share
Tweet
Score 0/20 Timer 05:00
2 Plays Today
% Correct
Pokémon Red/Blue
90.4%
Final Fantasy VII
68%
Chrono Trigger
50.4%
Kingdom Hearts
44.9%
Dragon Warrior
36.1%
Xenoblade Chronicles
28.2%
Secret of Mana
23%
Tales of Symphonia
21.3%
Skies of Arcadia
20.1%
Chrono Cross
19.9%
% Correct
Xenogears
14.5%
Breath of Fire
14.1%
Radiant Historia
11.4%
Star Ocean
11.1%
Suikoden II
11%
Nier
5.6%
Resonance of Fate
5.4%
Infinite Undiscovery
4.7%
Jeanne d'Arc
3.5%
Arc Rise Fantasia
2.2%

You're not logged in!

Compare scores with friends on all Sporcle quizzes.
OR
Log In

You Might Also Like...

Show Comments

Extras

Top Quizzes Today


Score Distribution

Your Account Isn't Verified!

In order to create a playlist on Sporcle, you need to verify the email address you used during registration. Go to your Sporcle Settings to finish the process.

Report this User

Report this user for behavior that violates our Community Guidelines.

Details: